NCAA Career Passing Yards Leaders: Tennessee Vols - Statistics

General Stats
  • This quiz has been taken 88 times
  • The average score is 6 of 10
Answer Stats
Rank Yards Answer Years Played % Correct
1 11,201 Peyton Manning 1994-97
100%
8 6,080 Hendon Hooker 2021-22
99%
5 7,138 Joshua Dobbs 2013-16
87%
10 4,592 Tee Martin 1996-99
70%
4 7,444 Tyler Bray 2010-12
60%
7 6,174 Jarrett Guarantano 2016-20
58%
2 9,707 Casey Clausen 2000-03
52%
3 8,700 Erik Ainge 2004-07
45%
6 6,397 Andy Kelly 1988-91
27%
9 5,867 Jeff Francis 1985-88
19%
No matching quizzes found
Score Distribution
Percent of People with Each Score
Percentile by Number Answered
Your Score History
You have not taken this quiz